| 000 | 00632nam a2200145 4500 | ||
|---|---|---|---|
| 999 |
_c38542 _d38542 |
||
| 082 | _aRP.0376 | ||
| 100 |
_aPrabhakar, Jai S C _uCentre for Multi-Disciplinary Development Research _vDharwad, Maharashtra |
||
| 245 |
_aA Study on Health Condition of Working Street Children in Karnataka/ _cJai Prabhakar S C |
||
| 260 |
_aDharwad, Maharashtra: _bIndian Council of Social Science Research, _c2013 |
||
| 300 | _aiii, 156p. | ||
| 500 | _aIncluded Bibliographical References and Annexure | ||
| 536 | _aIndian Council of Social Science Research | ||
| 650 |
_aStreet children _aHealth Condition _xChildren _zKarnataka, India |
||
| 942 |
_2ddc _cRP |
||